Nalaganje...

A comparative study of the sociopersonal adjustment of students in co-educational and single sex higher secondary schools /

Bibliografske podrobnosti
Glavni avtor: Benita Elizabeth Bhagianath
Format: Dissertation
Jezik:English
Izdano: 2013.
Teme:
LEADER 00890nam a2200205 4500
008 160422b xxu||||| |||| 00| 0 eng d
082 |a 373.0115  
100 |a Benita Elizabeth Bhagianath 
245 |a A comparative study of the sociopersonal adjustment of students in co-educational and single sex higher secondary schools /  |c Benita Elizabeth Bhagianath 
260 |c 2013. 
300 |a 94p. ,  |c 29 cm 
502 |a Dessertation (P. G.)--S N College of teacher education ,Chelannur, Calicut, 2013. 
504 |a Includes bibliographical references (p. 88-95) and abstract. 
650 |a Social Interaction 
650 |a Student adjustment 
650 |a Adjustment (Psychology) 
796 |c Dr.  |e Thesis advisor.  |a Jibin V K. 
942 |2 ddc  |c PD 
999 |c 111771  |d 111771 
952 |0 0  |1 0  |4 0  |6 373_011500000000000_BEN_C  |7 0  |9 117152  |a UL  |b UL  |c REF  |d 2016-04-22  |l 0  |o 373.0115 BEN/C  |p NB6422  |r 2016-04-22  |y PD